000
00215nam a22000857a 4500
008
170130b xxu||||| |||| 00| 0 eng d
100
_9
2672
_a
Mittal.R.S et al
245
_a
Lab Physics -X,XI
260
_a
New delhi
_b
AP
_c
2009
999
_c
5828
_d
5828